[Event "Finkenstein op"]
[Site "Finkenstein"]
[Date "1995.??.??"]
[Round "4"]
[White "Pilaj, Herwig"]
[Black "Knapp, Franz"]
[Result "1-0"]
[WhiteElo "2125"]
[BlackElo "1945"]
[PlyCount "37"]
[EventDate "1995.??.??"]
[EventType "swiss"]
[EventRounds "9"]
[EventCountry "AUT"]
[SourceTitle "EXT 1997"]
[Source "ChessBase"]
[SourceDate "1996.11.15"]
[SourceVersion "1"]
[SourceVersionDate "1996.11.15"]
[SourceQuality "1"]

1. e4 d6 2. d4 g6 3. Nc3 Bg7 4. Be3 Nd7 5. Bc4 e6 6. Qd2 b6 7. Bg5 Ne7 8. Bh6 Bxh6 9. Qxh6 Nc6 10. Nf3 Bb7 11. 0-0 Qe7 12. Qe3 0-0 13. Rad1 e5 14. Nd5 Qd8 15. Qh6 Re8 16. Ng5 Nf8 17. f4 exd4 18. f5 Ne5 19. f6 1-0

[Event "AUT-chT2S 9596"]
[Site "Austria"]
[Date "1995.??.??"]
[Round "?"]
[White "Poeltl, Thomas"]
[Black "Knapp, Franz"]
[Result "1-0"]
[WhiteElo "2225"]
[BlackElo "1945"]
[PlyCount "83"]
[EventDate "1995.??.??"]
[EventType "team-tourn"]
[EventRounds "11"]
[EventCountry "AUT"]
[SourceTitle "EXT 1999"]
[Source "ChessBase"]
[SourceDate "1998.11.16"]
[SourceVersion "1"]
[SourceVersionDate "1998.11.16"]
[SourceQuality "1"]

1. Nf3 Nf6 2. d4 d5 3. c4 c6 4. Nc3 Nbd7 5. cxd5 cxd5 6. Bf4 Qa5 7. Qb3 e6 8. a3 Ne4 9. e3 Bd6 10. Bxd6 Nxd6 11. Bd3 0-0 12. 0-0 a6 13. Qc2 h6 14. Na4 Qd8 15. Rfc1 b5 16. Nc5 Bb7 17. a4 Rc8 18. axb5 Nxc5 19. dxc5 Nxb5 20. b4 f6 21. Bxb5 axb5 22. Nd4 Qe8 23. Qe2 Bc6 24. Ra6 e5 25. Nxc6 Rxc6 26. Qxb5 Rxa6 27. Qxa6 d4 28. exd4 exd4 29. Qc4+ Kh8 30. Qxd4 Qe2 31. Qc4 Qb2 32. Qc3 Qe2 33. Re1 Qb5 34. c6 Rc8 35. c7 Qb6 36. Rc1 Kg8 37. h3 Kf7 38. Qc4+ Qe6 39. b5 Qxc4 40. Rxc4 Ke7 41. b6 Kd7 42. Rd4+ 1-0